Encyclopedia of Machanical Engineering (Record no. 10938)

MARC details
000 -LEADER
fixed length control field 00381nam a22001577a 4500
003 - CONTROL NUMBER IDENTIFIER
control field OSt
008 - FIXED-LENGTH DATA ELEMENTS--GENERAL INFORMATION
fixed length control field 210915b ||||| |||| 00| 0 eng d
020 ## - INTERNATIONAL STANDARD BOOK NUMBER
International Standard Book Number 9781632401960
082 ## - DEWEY DECIMAL CLASSIFICATION NUMBER
Classification number 621
Item number SAE
100 ## - MAIN ENTRY--PERSONAL NAME
Personal name SAVA, Rene
245 ## - TITLE STATEMENT
Title Encyclopedia of Machanical Engineering
260 ## - PUBLICATION, DISTRIBUTION, ETC. (IMPRINT)
Name of publisher, distributor, etc Clanrye Int.
Date of publication, distribution, etc 2015
300 ## - PHYSICAL DESCRIPTION
Extent 356
650 ## - SUBJECT ADDED ENTRY--TOPICAL TERM
Topical term or geographic name as entry element Dictionary: Encyclopedia
942 ## - ADDED ENTRY ELEMENTS (KOHA)
Source of classification or shelving scheme Dewey Decimal Classification
Koha item type Text Books
Holdings
Withdrawn status Lost status Source of classification or shelving scheme Damaged status Not for loan Collection code Home library Current library Date acquired Source of acquisition Currency Cost, normal purchase price Bill Number Total Checkouts Full call number Acc. no. / Barcode Date last seen Actual Cost, discounted price Bill Date Koha item type Public note
    Dewey Decimal Classification     GENERAL PIET C-LIBRARY PIET C-LIBRARY 16/09/2021 Kirti Prakashan IN Rupees 11681.00 IN2509   621 SAE 33212 29/09/2021 9344.80 16/09/2021 Text Books Encyclopedia

Design & Developed by: PIET Central Library
R70 Miles Stone Pattikalyana Samalkha Panipat 132102
mail ID :- [email protected], Phone No:- 0180-2569700 Ex.216